[Event "CYCC U10"]
[Site "Hamilton CAN"]
[Date "2022.07.10"]
[Round "5.11"]
[White "Chen, Tymon"]
[Black "Zhuang, Samuel"]
[Result "1-0"]
[WhiteElo "647"]
[BlackElo "862"]
[PlyCount "135"]
[EventDate "2022.07.08"]
[EventType "swiss"]
[EventRounds "7"]
[EventCountry "CAN"]

1. e4 e5 2. Nf3 Nc6 3. Bc4 Bc5 4. O-O Nf6 5. Nc3 d6 6. d3 Bg4 7. h3 h5 8. Bg5
Qd7 9. Bxf6 gxf6 10. hxg4 hxg4 11. Nh2 g3 12. Nf3 gxf2+ 13. Rxf2 Bxf2+ 14. Kxf2
O-O-O 15. Nd5 Rh6 16. Qd2 Rdh8 17. Bb5 a6 18. Ba4 b5 19. Bb3 Rg6 20. a4 Nd4 21.
Nxd4 exd4 22. axb5 Qg4 23. Rg1 Kd8 24. bxa6 Rh3 25. Qf4 Rh8 26. a7 Kd7 27. Ba4+
Ke6 28. Nxc7+ Ke7 29. Qxg4 Rxg4 30. Rh1 Rhg8 31. Rg1 Rf4+ 32. Ke2 Rfg4 33. Kf3
Rg3+ 34. Kf2 R3g4 35. g3 f5 36. Nd5+ Ke6 37. Bd7+ Kxd7 38. Nf6+ Kc7 39. Nxg8
Rxg8 40. Ra1 Ra8 41. exf5 d5 42. Kf3 Kd6 43. Kf4 f6 44. Ra6+ Kc5 45. g4 Kb5 46.
Rxf6 Rxa7 47. g5 Ra1 48. Ke5 Kc5 49. b4+ Kxb4 50. Kxd5 Rc1 51. g6 Rg1 52. Kxd4
Rg4+ 53. Ke5 Kc5 54. Rd6 Rg1 55. d4+ Kc4 56. Rd7 Re1+ 57. Kf6 Kb5 58. g7 Re8
59. Kf7 Ra8 60. g8=Q Rxg8 61. Kxg8 Ka6 62. f6 Kb6 63. f7 Kc6 64. Rd8 Kc7 65.
f8=Q Kb7 66. Rb8+ Ka7 67. Rb1 Ka6 68. Qa3# 1-0

[Event "CYCC U10"]
[Site "Hamilton CAN"]
[Date "2022.07.10"]
[Round "5.12"]
[White "Justason, Magnus"]
[Black "Zhang, Andy"]
[Result "1/2-1/2"]
[WhiteElo "1336"]
[BlackElo "908"]
[PlyCount "145"]
[EventDate "2022.07.08"]
[EventType "swiss"]
[EventRounds "7"]
[EventCountry "CAN"]

1. d4 e5 2. dxe5 Nc6 3. Nf3 Qe7 4. Bg5 Qb4+ 5. Nc3 Qxb2 6. Nd5 f6 7. exf6 gxf6
8. Nxc7+ Kd8 9. Nxa8 fxg5 10. Rb1 Bb4+ 11. Nd2 Bxd2+ 12. Kxd2 Qxa2 13. e3 Nf6
14. Qf3 Ne4+ 15. Kc1 Qa3+ 16. Rb2 Qa1+ 17. Rb1 Qxb1+ 18. Kxb1 Nd2+ 19. Kc1 Nxf3
20. gxf3 d6 21. h4 gxh4 22. Rxh4 Bf5 23. Rh5 Bg6 24. Rd5 Ke7 25. Nc7 a6 26. Rd2
Nb4 27. c3 Rc8 28. cxb4 Rxc7+ 29. Kb2 h5 30. e4 Rd7 31. Rd5 Bf7 32. Rf5 d5 33.
Bh3 Rd6 34. Re5+ Kf6 35. Rf5+ Kg7 36. e5 Rh6 37. Rg5+ Kf8 38. f4 Rb6 39. Ka3
Rc6 40. Bd7 Rg6 41. Rxh5 Rg2 42. Rf5 Ke7 43. Bc8 Rxf2 44. Bxb7 d4 45. b5 a5 46.
Rxf7+ Kxf7 47. Be4 Rxf4 48. b6 Ke6 49. b7 Rf8 50. Bf3 Kxe5 51. Ka4 Kd6 52. Kxa5
Kc7 53. Be4 Rd8 54. Bd3 Kxb7 55. Kb5 Rc8 56. Be4+ Kb8 57. Bf5 Rc3 58. Kb4 Kc7
59. Be4 Kd6 60. Bg6 Ke5 61. Bh7 Kf4 62. Bg6 Ke3 63. Bf5 Kd2 64. Bg6 Kc1 65. Be4
Kb2 66. Bf5 d3 67. Bg4 Kc2 68. Bf5 Kd2 69. Bg6 Rc2 70. Kb3 Kc1 71. Bxd3 Rh2 72.
Kc3 Rh3 73. Kc4 1/2-1/2

[Event "CYCC U10"]
[Site "Hamilton CAN"]
[Date "2022.07.10"]
[Round "5.13"]
[White "Garayev, Emil"]
[Black "Guillemette, Thomas"]
[Result "0-1"]
[WhiteElo "911"]
[BlackElo "800"]
[PlyCount "93"]
[EventDate "2022.07.08"]
[EventType "swiss"]
[EventRounds "7"]
[EventCountry "CAN"]

1. e4 c5 2. Nc3 d6 3. d4 cxd4 4. Qxd4 Nc6 5. Bb5 Bd7 6. Bxc6 Bxc6 7. Nf3 Nf6 8.
O-O g6 9. e5 dxe5 10. Qxd8+ Rxd8 11. Nxe5 Rc8 12. Bf4 Bg7 13. Rfe1 Nh5 14. Nxc6
Rxc6 15. Bg3 Nxg3 16. fxg3 Bd4+ 17. Kh1 Bxc3 18. bxc3 Rxc3 19. Rab1 b6 20. Rb2
e6 21. Kg1 Ke7 22. Kf2 Rhc8 23. Re2 Kf6 24. Ke1 b5 25. Kd2 b4 26. Re4 a5 27.
Rf4+ Kg7 28. Rd4 R8c5 29. Rd3 a4 30. a3 Rxd3+ 31. cxd3 b3 32. d4 Rc6 33. Kd3
Kh6 34. Ke3 Kg5 35. Kd3 h5 36. Rf2 f6 37. Re2 h4 38. gxh4+ Kxh4 39. d5 exd5 40.
Rb2 d4 41. Rf2 Rc3+ 42. Kxd4 Rc2 43. Rf4+ Kg5 44. Re4 b2 45. h4+ Kh6 46. Re1
Rc1 47. Rxc1 0-1

[Event "CYCC U10"]
[Site "Hamilton CAN"]
[Date "2022.07.10"]
[Round "5.14"]
[White "Bi, William"]
[Black "Buitelaar, Jake"]
[Result "1-0"]
[WhiteElo "1204"]
[BlackElo "886"]
[PlyCount "87"]
[EventDate "2022.07.08"]
[EventType "swiss"]
[EventRounds "7"]
[EventCountry "CAN"]

1. e4 e5 2. Nf3 Nc6 3. Bc4 Nf6 4. d3 Bc5 5. Nc3 O-O 6. Bg5 h6 7. Bh4 d6 8. Nd5
Nxd5 9. Bxd8 Rxd8 10. Bxd5 Bg4 11. Bxc6 bxc6 12. O-O Re8 13. h3 Bh5 14. g4 Bg6
15. Re1 f6 16. d4 exd4 17. Nxd4 Bxe4 18. f3 Bd5 19. Rxe8+ Rxe8 20. Kg2 Re5 21.
Qd2 h5 22. Re1 Bxd4 23. Rxe5 fxe5 24. c3 Bb6 25. gxh5 Bf7 26. Qg5 Kh7 27. a4 d5
28. Qxe5 c5 29. b4 cxb4 30. cxb4 a5 31. bxa5 Bxa5 32. Qd4 c6 33. Qc5 Bxh5 34.
Qxa5 d4 35. Qxh5+ Kg8 36. Qe8+ Kh7 37. Qxc6 g5 38. Qe4+ Kh6 39. a5 d3 40. a6 d2
41. Qd3 d1=Q 42. Qxd1 Kh5 43. a7 g4 44. fxg4+ 1-0

[Event "CYCC U10"]
[Site "Hamilton CAN"]
[Date "2022.07.10"]
[Round "5.15"]
[White "Ye, Oliver"]
[Black "Shen, Denis"]
[Result "1/2-1/2"]
[WhiteElo "999"]
[BlackElo "953"]
[PlyCount "46"]
[EventDate "2022.07.08"]
[EventType "swiss"]
[EventRounds "7"]
[EventCountry "CAN"]

1. e4 e5 2. Nf3 Nc6 3. Bc4 h6 4. Nc3 Nf6 5. O-O Bc5 6. d3 d6 7. h3 Nd4 8. Nxd4
exd4 9. Nd5 c6 10. Nxf6+ Qxf6 11. Qd2 O-O 12. Qf4 Qg6 13. Qg3 Qxg3 14. fxg3 a5
15. a4 Be6 16. Bxe6 fxe6 17. Bd2 b6 18. Rxf8+ Rxf8 19. Rf1 Rxf1+ 20. Kxf1 d5
21. exd5 exd5 22. Ke2 Kf7 23. Kf3 Kg6 1/2-1/2

[Event "CYCC U10"]
[Site "Hamilton CAN"]
[Date "2022.07.10"]
[Round "5.16"]
[White "Mohanty, Samanyu"]
[Black "Wu, Yihang"]
[Result "1-0"]
[WhiteElo "903"]
[BlackElo "987"]
[PlyCount "95"]
[EventDate "2022.07.08"]
[EventType "swiss"]
[EventRounds "7"]
[EventCountry "CAN"]

1. e4 c5 2. Nf3 d6 3. d4 cxd4 4. Nxd4 Nf6 5. Nc3 g6 6. g3 Bg7 7. Bg2 O-O 8. O-O
Bd7 9. Nf3 Nc6 10. Be3 Bg4 11. h3 Bxf3 12. Bxf3 Ne5 13. Bg2 a6 14. a3 Nc4 15.
Qc1 Nxe3 16. Qxe3 b5 17. e5 dxe5 18. Bxa8 Qxa8 19. Qxe5 e6 20. Qe3 Nd5 21. Nxd5
Qxd5 22. Rab1 Rc8 23. Qd3 Qxd3 24. cxd3 Rc2 25. Rfc1 Rxc1+ 26. Rxc1 Bxb2 27.
Rc6 Bxa3 28. Rxa6 b4 29. Ra4 Kg7 30. Kg2 Kf6 31. Kf3 h5 32. g4 hxg4+ 33. hxg4
Ke5 34. Ke3 f5 35. gxf5 gxf5 36. d4+ Kd5 37. Kd3 f4 38. f3 e5 39. Ra5+ Ke6 40.
dxe5 Bb2 41. Ke4 Bc1 42. Rb5 Bd2 43. Rb6+ Ke7 44. Kf5 Ke8 45. Ke6 Kf8 46. Kd7
Bc3 47. e6 Bf6 48. Rxb4 1-0

[Event "CYCC U10"]
[Site "Hamilton CAN"]
[Date "2022.07.10"]
[Round "5.17"]
[White "Naiboglu, Onur"]
[Black "Chan, Bryan"]
[Result "1-0"]
[WhiteElo "985"]
[BlackElo "869"]
[PlyCount "121"]
[EventDate "2022.07.08"]
[EventType "swiss"]
[EventRounds "7"]
[EventCountry "CAN"]

1. e4 e5 2. Nf3 Nc6 3. d4 exd4 4. Bc4 Bb4+ 5. c3 dxc3 6. bxc3 Be7 7. O-O Nf6 8.
e5 Ng4 9. Bf4 g5 10. Qd5 Rf8 11. h3 gxf4 12. hxg4 d6 13. exd6 Qxd6 14. Nbd2
Qxd5 15. Bxd5 Bxg4 16. Bxc6+ bxc6 17. Ne5 Rg8 18. Nxc6 Bh3 19. Kh2 Bxg2 20. Rg1
Kd7 21. Nxe7 Kxe7 22. Rxg2 Rxg2+ 23. Kxg2 Rg8+ 24. Kf3 Rd8 25. Re1+ Kf8 26. Ne4
f5 27. Ng5 Rd3+ 28. Kxf4 Rxc3 29. Kxf5 Rc2 30. f4 h6 31. Ne6+ Kg8 32. Kg6 c6
33. Nd4 Rg2+ 34. Kxh6 c5 35. Nf3 Rxa2 36. Ng5 Ra6+ 37. Re6 Rxe6+ 38. Nxe6 c4
39. Nd4 a5 40. Nc2 Kf7 41. Kg5 a4 42. Kf5 c3 43. Na3 Ke7 44. Kg6 Kf8 45. f5 Ke7
46. Kg7 Kd6 47. f6 Kc5 48. f7 Kb4 49. f8=Q+ Kb3 50. Qc5 Kb2 51. Nc4+ Kc2 52.
Qa3 Kd3 53. Qxa4 Ke2 54. Qc2+ Kf1 55. Ne3+ Ke1 56. Qxc3+ Kf2 57. Ng4+ Kg2 58.
Qe3 Kh1 59. Qh3+ Kg1 60. Qh2+ Kf1 61. Qf2# 1-0

[Event "CYCC U10"]
[Site "Hamilton CAN"]
[Date "2022.07.10"]
[Round "5.18"]
[White "Shaik, Muhammad Aman"]
[Black "Moses, Niam"]
[Result "1-0"]
[WhiteElo "892"]
[BlackElo "946"]
[PlyCount "79"]
[EventDate "2022.07.08"]
[EventType "swiss"]
[EventRounds "7"]
[EventCountry "CAN"]

1. d4 d5 2. Nf3 Nf6 3. e3 c5 4. c3 Nc6 5. Bd3 Bd7 6. Nbd2 c4 7. Bc2 e6 8. O-O
Be7 9. Re1 O-O 10. e4 dxe4 11. Nxe4 Re8 12. h3 Nxe4 13. Bxe4 f5 14. Bxc6 bxc6
15. Ne5 Bd6 16. Bf4 Bxe5 17. Bxe5 Qh4 18. Qf3 f4 19. Re4 Rf8 20. Rxf4 Rxf4 21.
Bxf4 Rf8 22. Bg3 Rxf3 23. Bxh4 Rd3 24. Bg5 h6 25. Be3 g5 26. Kh2 Kf7 27. Kg3 a5
28. h4 gxh4+ 29. Kxh4 Kg6 30. g4 a4 31. a3 Bc8 32. Rh1 c5 33. Kg3 cxd4 34.
Rxh6+ Kg7 35. cxd4 Kg8 36. Kf4 Kg7 37. Kg5 Kf7 38. Rh7+ Ke8 39. Rh8+ Kd7 40.
Kf6 1-0

[Event "CYCC U10"]
[Site "Hamilton CAN"]
[Date "2022.07.10"]
[Round "5.19"]
[White "Lin, Austin"]
[Black "Tsukerman, Leon"]
[Result "1-0"]
[WhiteElo "925"]
[BlackElo "593"]
[PlyCount "67"]
[EventDate "2022.07.08"]
[EventType "swiss"]
[EventRounds "7"]
[EventCountry "CAN"]

1. e4 c5 2. Nf3 Nc6 3. Bb5 e6 4. Nc3 a6 5. Bxc6 dxc6 6. d3 Nf6 7. Bg5 Be7 8.
Qd2 O-O 9. O-O b5 10. h3 b4 11. Na4 a5 12. Rac1 Ba6 13. Rfd1 c4 14. b3 c3 15.
Qe3 Nd5 16. exd5 Bxg5 17. Nxg5 h6 18. Ne4 cxd5 19. Nec5 Bb5 20. Re1 Qd6 21. Qd4
Rfc8 22. Re3 Bxa4 23. Nxa4 e5 24. Rxe5 f6 25. Re3 Re8 26. Rce1 Qd7 27. Nb6 Qd8
28. Rxe8+ Qxe8 29. Rxe8+ Rxe8 30. Qxd5+ Kh8 31. Qf7 Rg8 32. Nd5 Kh7 33. Nxf6+
Kh8 34. Qxg8# 1-0

[Event "CYCC U10"]
[Site "Hamilton CAN"]
[Date "2022.07.10"]
[Round "5.20"]
[White "Wang, Patrick"]
[Black "Wang, Eric"]
[Result "1-0"]
[WhiteElo "868"]
[BlackElo "918"]
[PlyCount "111"]
[EventDate "2022.07.08"]
[EventType "swiss"]
[EventRounds "7"]
[EventCountry "CAN"]

1. e4 e5 2. Nf3 Nc6 3. Bc4 Bc5 4. d3 Nf6 5. Bg5 h6 6. Bh4 g5 7. Bg3 d6 8. h3
Be6 9. Bb5 Bd7 10. Bxc6 Bxc6 11. Nc3 Qd7 12. Qd2 Bb4 13. a3 Bc5 14. Bh2 a6 15.
Ne2 O-O-O 16. Ng3 d5 17. O-O-O dxe4 18. Nxe5 Qe6 19. Nxc6 Qxc6 20. Qc3 exd3 21.
Rxd3 Rxd3 22. Qxd3 Qxg2 23. Qf5+ Nd7 24. Qxf7 Qxf2 25. Qxf2 Bxf2 26. Rf1 Bxg3
27. Bxg3 h5 28. h4 gxh4 29. Bxh4 Nf8 30. Rf7 Ng6 31. Bg3 c6 32. Rc7+ Kd8 33.
Rxb7 Rf8 34. Rh7 Rh8 35. Rg7 Nf8 36. Bh4+ Ke8 37. Re7+ Kd8 38. Rh7+ Kc8 39.
Rxh8 Kc7 40. Rxf8 a5 41. Rh8 a4 42. Rxh5 c5 43. Bd8+ Kc6 44. c4 Kd7 45. Rh6
Kxd8 46. Rh7 Kc8 47. Kd2 Kd8 48. Kd3 Kc8 49. Ke4 Kd8 50. Ke5 Ke8 51. Kd6 Kf8
52. Ra7 Ke8 53. Ke6 Kf8 54. Kf6 Kg8 55. Kg6 Kh8 56. Ra8# 1-0

[Event "CYCC U10"]
[Site "Hamilton CAN"]
[Date "2022.07.10"]
[Round "5.22"]
[White "Zhang, Nathan"]
[Black "Li, Jerry"]
[Result "0-1"]
[WhiteElo "813"]
[BlackElo "1008"]
[PlyCount "94"]
[EventDate "2022.07.08"]
[EventType "swiss"]
[EventRounds "7"]
[EventCountry "CAN"]

1. e4 e5 2. Nf3 Nc6 3. Bc4 Bc5 4. c3 Nf6 5. d4 exd4 6. e5 d5 7. Bb5 Ne4 8. cxd4
Bb4+ 9. Bd2 Nxd2 10. Nbxd2 O-O 11. O-O Be6 12. a3 Be7 13. Qc2 Nb8 14. Bd3 g6
15. Rac1 c6 16. Nb3 Nd7 17. Nc5 Nxc5 18. dxc5 Re8 19. Qd2 Bg4 20. Nd4 Bf8 21.
h3 Bd7 22. Rfe1 Qc7 23. Qg5 Bg7 24. Nf3 Re6 25. Qg3 Rae8 26. Ng5 Rxe5 27. Rxe5
Bxe5 28. Qh4 h5 29. Nf3 Bxb2 30. Rb1 Bxa3 31. Qg5 Qd8 32. Qg3 Qb8 33. Qg5 Re6
34. Nh4 Re5 35. Qh6 Qf8 36. Qf4 Qb8 37. Qf6 Re6 38. Qg5 Bxc5 39. Bxg6 fxg6 40.
Nxg6 Kh7 41. Qxh5+ Kg7 42. Qg5 Rxg6 43. Qc1 Bb6 44. Qc3+ d4 45. Qa3 Bxh3 46.
Qe7+ Kg8 47. g3 Rxg3+ 0-1

[Event "CYCC U10"]
[Site "Hamilton CAN"]
[Date "2022.07.10"]
[Round "5.23"]
[White "Chua, Zachary"]
[Black "Grosman, Noah"]
[Result "1/2-1/2"]
[WhiteElo "861"]
[BlackElo "944"]
[PlyCount "67"]
[EventDate "2022.07.08"]
[EventType "swiss"]
[EventRounds "7"]
[EventCountry "CAN"]

1. e4 e5 2. Nf3 Nf6 3. Nc3 Nc6 4. d4 exd4 5. Nxd4 Bc5 6. Nxc6 dxc6 7. Qxd8+
Kxd8 8. Bg5 h6 9. Bxf6+ gxf6 10. O-O-O+ Ke7 11. f3 Be6 12. Kb1 Rhd8 13. Be2 Bb4
14. a3 Bxc3 15. bxc3 Rd7 16. f4 f5 17. Rhe1 fxe4 18. g4 f6 19. f5 Bg8 20. Bd3
Rad8 21. Rxe4+ Kf8 22. Rg1 b6 23. a4 a5 24. Kb2 c5 25. h4 Rg7 26. Bc4 Bxc4 27.
Rxc4 Rd5 28. Re1 Re7 29. Rce4 Rde5 30. Rxe5 fxe5 31. g5 hxg5 32. hxg5 Rg7 33.
Rxe5 Rxg5 34. Kb3 1/2-1/2

[Event "CYCC U10"]
[Site "Hamilton CAN"]
[Date "2022.07.10"]
[Round "6.1"]
[White "Gao, Heye"]
[Black "Marchand, Calix"]
[Result "0-1"]
[WhiteElo "1521"]
[BlackElo "1900"]
[PlyCount "48"]
[EventDate "2022.07.08"]
[EventType "swiss"]
[EventRounds "7"]
[EventCountry "CAN"]

1. e4 c5 2. Nf3 e6 3. d4 cxd4 4. Nxd4 Nf6 5. Nc3 Nc6 6. a3 Be7 7. Be3 O-O 8. f3
d5 9. Be2 e5 10. Nxc6 bxc6 11. exd5 cxd5 12. Bg5 Be6 13. Qd2 Rb8 14. Bxf6 Bxf6
15. Rb1 Bg5 16. Qd3 d4 17. Ne4 Be3 18. Nd2 Ba2 19. Ra1 Rxb2 20. Nf1 Qa5+ 21.
Kd1 Rfb8 22. c3 Rb1+ 23. Rxb1 Rxb1+ 24. Kc2 Qa4# 0-1

[Event "CYCC U10"]
[Site "Hamilton CAN"]
[Date "2022.07.10"]
[Round "6.2"]
[White "Mendes, Aaron Reeve"]
[Black "Deshpande, Sarthak"]
[Result "1-0"]
[WhiteElo "2106"]
[BlackElo "1595"]
[PlyCount "93"]
[EventDate "2022.07.08"]
[EventType "swiss"]
[EventRounds "7"]
[EventCountry "CAN"]

1. e4 c6 2. c4 d5 3. exd5 cxd5 4. cxd5 Nf6 5. Nc3 Nxd5 6. Nf3 e6 7. d4 Nc6 8.
Bd3 Be7 9. O-O Bf6 10. Re1 O-O 11. Bb1 g6 12. Bh6 Bg7 13. Bxg7 Kxg7 14. a3 Nxc3
15. bxc3 Qf6 16. Be4 Rd8 17. Rb1 Ne7 18. Bxb7 Bxb7 19. Rxb7 Rdb8 20. Qb1 Rxb7
21. Qxb7 Rc8 22. Re3 Rc4 23. Ne5 Nf5 24. Nxc4 Nxe3 25. Nxe3 Qd8 26. Qxa7 Qc8
27. c4 Qc6 28. d5 exd5 29. Qd4+ f6 30. Nxd5 Qe6 31. Qxf6+ Qxf6 32. Nxf6 Kxf6
33. a4 Ke5 34. a5 Kd6 35. a6 Kc6 36. c5 Kc7 37. f4 Kb8 38. c6 Kc7 39. a7 Kxc6
40. a8=Q+ Kb5 41. Kf2 Kb4 42. Qc6 Ka5 43. Qb7 Ka4 44. Ke3 Ka3 45. Kd2 Ka2 46.
Kc3 Ka1 47. Qb2# 1-0

[Event "CYCC U10"]
[Site "Hamilton CAN"]
[Date "2022.07.10"]
[Round "6.3"]
[White "Liu, Zachary"]
[Black "Puri, Ryan"]
[Result "1-0"]
[WhiteElo "1891"]
[BlackElo "957"]
[PlyCount "43"]
[EventDate "2022.07.08"]
[EventType "swiss"]
[EventRounds "7"]
[EventCountry "CAN"]

1. e4 e5 2. Nf3 Nc6 3. d4 exd4 4. Nxd4 Nf6 5. Nc3 Bb4 6. Nxc6 bxc6 7. Bd3 d5 8.
exd5 cxd5 9. O-O O-O 10. Bg5 c6 11. Qf3 Be7 12. h3 Be6 13. Rad1 h6 14. Bf4 Bd6
15. Ne2 Qc7 16. Bxh6 Nd7 17. Qh5 f5 18. Qg6 Nc5 19. Bg5 Bf7 20. Qxf5 Be6 21.
Qh7+ Kf7 22. Bg6# 1-0

[Event "CYCC U10"]
[Site "Hamilton CAN"]
[Date "2022.07.10"]
[Round "6.4"]
[White "Li, Triston"]
[Black "Ajith, Aayush"]
[Result "1-0"]
[WhiteElo "1533"]
[BlackElo "1636"]
[PlyCount "73"]
[EventDate "2022.07.08"]
[EventType "swiss"]
[EventRounds "7"]
[EventCountry "CAN"]

1. e4 c5 2. Nf3 d6 3. d4 cxd4 4. Nxd4 Nf6 5. Nc3 a6 6. Be3 e5 7. Nb3 Be6 8. f3
Nbd7 9. Qd2 b5 10. g4 Be7 11. O-O-O Rc8 12. g5 Nh5 13. Ne2 Nb6 14. Na5 Qc7 15.
Kb1 Rd8 16. f4 d5 17. Qc3 Nc4 18. Nxc4 bxc4 19. fxe5 dxe4 20. Bg2 Qb7 21. Rxd8+
Bxd8 22. Nd4 Bd5 23. Nf5 O-O 24. Rd1 Bc7 25. Ne7+ Kh8 26. Nxd5 Rb8 27. Nxc7
Qxc7 28. Bxe4 Re8 29. Bf3 g6 30. e6+ Kg8 31. exf7+ Kxf7 32. Bd5+ Kf8 33. Qh8+
Ke7 34. Qxh7+ Kd6 35. Qxg6+ Ke5 36. Qxe8+ Kf5 37. Qe6# 1-0

[Event "CYCC U10"]
[Site "Hamilton CAN"]
[Date "2022.07.10"]
[Round "6.5"]
[White "Jutras, Arnaud"]
[Black "Chen, Tymon"]
[Result "1-0"]
[WhiteElo "1263"]
[BlackElo "647"]
[PlyCount "41"]
[EventDate "2022.07.08"]
[EventType "swiss"]
[EventRounds "7"]
[EventCountry "CAN"]

1. c4 Nf6 2. Nf3 d6 3. g3 g6 4. Bg2 Bg7 5. O-O O-O 6. d4 Re8 7. Nc3 Bf5 8. Re1
Nc6 9. e4 Bd7 10. h3 e5 11. d5 Ne7 12. b4 b6 13. Rb1 Qc8 14. Kh2 a5 15. a3 axb4
16. axb4 Ra3 17. Bxa3 Qa6 18. Qb3 h5 19. Ra1 Nh7 20. Ra2 g5 21. Bc1 1-0

[Event "CYCC U10"]
[Site "Hamilton CAN"]
[Date "2022.07.10"]
[Round "6.6"]
[White "Wu, Nicholas"]
[Black "Li, Ryan"]
[Result "1-0"]
[WhiteElo "1395"]
[BlackElo "1110"]
[PlyCount "63"]
[EventDate "2022.07.08"]
[EventType "swiss"]
[EventRounds "7"]
[EventCountry "CAN"]

1. d4 Nf6 2. Bf4 d5 3. e3 Bf5 4. c4 e6 5. Nc3 Bb4 6. Qb3 Nc6 7. a3 Bxc3+ 8.
bxc3 O-O 9. Qxb7 Qd7 10. Qxc7 Qxc7 11. Bxc7 Ne4 12. cxd5 exd5 13. Ba6 Bc8 14.
Bb5 Bd7 15. Ne2 Nb4 16. cxb4 Bxb5 17. f3 Bxe2 18. Kxe2 Nc3+ 19. Kd2 Rac8 20.
Kxc3 Rxc7+ 21. Kd2 Rfc8 22. Rac1 Rxc1 23. Rxc1 Rxc1 24. Kxc1 Kf8 25. a4 Ke7 26.
Kc2 Kd6 27. b5 h5 28. a5 g6 29. h4 f6 30. Kc3 Kc7 31. Kb4 f5 32. Kc5 1-0

[Event "CYCC U10"]
[Site "Hamilton CAN"]
[Date "2022.07.10"]
[Round "6.7"]
[White "Yang, Jayden"]
[Black "Zhu, Elber"]
[Result "0-1"]
[WhiteElo "1071"]
[BlackElo "1712"]
[PlyCount "92"]
[EventDate "2022.07.08"]
[EventType "swiss"]
[EventRounds "7"]
[EventCountry "CAN"]

1. d4 d5 2. Nf3 c5 3. e3 Nf6 4. c3 Bg4 5. Nbd2 e6 6. Bd3 Nc6 7. O-O cxd4 8.
exd4 Bd6 9. Qc2 Rc8 10. Qb3 Qc7 11. h3 Bh5 12. Re1 O-O 13. Bb5 Bg6 14. Bxc6
bxc6 15. Qd1 c5 16. Qe2 c4 17. Ne5 Bxe5 18. dxe5 Nd7 19. Nf3 Nc5 20. Kh1 Bd3
21. Qe3 Qa5 22. Bd2 Qb6 23. Nd4 Qxb2 24. Rab1 Bxb1 25. Rxb1 Qxb1+ 26. Kh2 Qd3
27. Qf4 Ne4 28. Be3 Nxc3 29. Qg4 Qe4 30. Qg3 h5 31. Nf3 Ne2 32. Qg5 Qg6 33. Qe7
Qf5 34. Bc5 Qf4+ 35. Kh1 Rb8 36. Bb4 a5 37. Be1 Rb1 38. Qc5 Rfb8 39. Qxa5 c3
40. Qc7 Rxe1+ 41. Nxe1 Rb1 42. Qc8+ Kh7 43. Qxc3 Nxc3 44. g3 Qf3+ 45. Kh2 Rxe1
46. h4 Qh1# 0-1

[Event "CYCC U10"]
[Site "Hamilton CAN"]
[Date "2022.07.10"]
[Round "6.8"]
[White "Allahverdi, Umid"]
[Black "Chen, Yuxuan"]
[Result "1-0"]
[WhiteElo "1443"]
[BlackElo "1043"]
[PlyCount "71"]
[EventDate "2022.07.08"]
[EventType "swiss"]
[EventRounds "7"]
[EventCountry "CAN"]

1. e4 e5 2. Nf3 Nc6 3. Bb5 Bc5 4. O-O d6 5. c3 a6 6. Ba4 b5 7. Bc2 Bg4 8. d3
Nf6 9. Be3 Bb6 10. Bxb6 cxb6 11. Kh1 O-O 12. Rg1 Qd7 13. Nbd2 Rad8 14. h3 Bh5
15. g4 Bg6 16. d4 h5 17. d5 Ne7 18. Nh2 Kh8 19. f3 Bh7 20. Ndf1 Ng6 21. Ng3 Nf4
22. Qf1 h4 23. Nf5 Bxf5 24. exf5 N6xd5 25. Qf2 Qe7 26. g5 Kg8 27. Qxh4 Ne3 28.
f6 Nxc2 29. fxe7 Nxa1 30. exf8=Q+ Rxf8 31. Rxa1 g6 32. Qh6 Nh5 33. Ng4 Re8 34.
Nf6+ Nxf6 35. gxf6 Rc8 36. Qg7# 1-0

[Event "CYCC U10"]
[Site "Hamilton CAN"]
[Date "2022.07.10"]
[Round "6.9"]
[White "Guillemette, Thomas"]
[Black "Naiboglu, Onur"]
[Result "1/2-1/2"]
[WhiteElo "800"]
[BlackElo "985"]
[PlyCount "93"]
[EventDate "2022.07.08"]
[EventType "swiss"]
[EventRounds "7"]
[EventCountry "CAN"]

1. e4 e5 2. Nf3 Nc6 3. Bc4 Bc5 4. c3 Nf6 5. d3 h6 6. a4 a5 7. Nbd2 d6 8. Nf1
O-O 9. Ng3 Be6 10. Bb5 Ne7 11. d4 exd4 12. cxd4 Bb4+ 13. Bd2 c6 14. Bd3 Ng6 15.
O-O Bg4 16. Bxb4 axb4 17. h3 Bxf3 18. Qxf3 Ne7 19. Rad1 Rxa4 20. Nf5 Re8 21.
Rfe1 Qc7 22. Nxe7+ Rxe7 23. Re2 b3 24. Bb1 Kf8 25. Qxb3 Ra1 26. Rde1 Qa5 27.
Qc3 Qxc3 28. bxc3 Ra3 29. Rc1 c5 30. d5 Nxd5 31. c4 Nc3 32. Ree1 Nxb1 33. Rxb1
Rc3 34. Rb6 Rxc4 35. Rxd6 Rexe4 36. Rxe4 Rxe4 37. Rb6 Rb4 38. Rd6 Ke7 39. Rd5
c4 40. Kf1 Ke6 41. Rd4 b5 42. Ke1 Rb2 43. g4 b4 44. Rxc4 Kd5 45. Rc7 b3 46.
Rxf7 Rb1+ 47. Kd2 1/2-1/2

[Event "CYCC U10"]
[Site "Hamilton CAN"]
[Date "2022.07.10"]
[Round "6.10"]
[White "Lin, Austin"]
[Black "Su, Jayden"]
[Result "1-0"]
[WhiteElo "925"]
[BlackElo "1267"]
[PlyCount "75"]
[EventDate "2022.07.08"]
[EventType "swiss"]
[EventRounds "7"]
[EventCountry "CAN"]

1. e4 e6 2. d4 d5 3. Nc3 dxe4 4. Bf4 Bb4 5. Nge2 f5 6. a3 Ba5 7. Qd2 Nf6 8. b4
Bb6 9. Na4 Nc6 10. Nxb6 axb6 11. Rd1 O-O 12. Qc3 Nd5 13. Qb3 Bd7 14. h4 Nce7
15. h5 Ba4 16. Qa2 c5 17. h6 g6 18. dxc5 bxc5 19. Qb2 Kf7 20. Nc3 Qb6 21. Nxd5
exd5 22. Rb1 d4 23. Bc4+ Ke8 24. bxc5 Qxb2 25. Rxb2 Bc6 26. Bd6 Rxa3 27. O-O
Ra4 28. Bb3 Ra8 29. Rfb1 Kd7 30. Bc4 Rfd8 31. Rxb7+ Bxb7 32. Rxb7+ Kc8 33. Rc7+
Kb8 34. Rxe7+ Kc8 35. Be6+ Rd7 36. Bxd7+ Kd8 37. c6 Ra7 38. Re8# 1-0

[Event "CYCC U10"]
[Site "Hamilton CAN"]
[Date "2022.07.10"]
[Round "6.11"]
[White "Mohanty, Samanyu"]
[Black "Bi, William"]
[Result "0-1"]
[WhiteElo "903"]
[BlackElo "1204"]
[PlyCount "110"]
[EventDate "2022.07.08"]
[EventType "swiss"]
[EventRounds "7"]
[EventCountry "CAN"]

1. e4 e5 2. Nf3 Nc6 3. g3 Bc5 4. Bg2 Nf6 5. O-O d6 6. Nc3 h6 7. d3 Ne7 8. d4
exd4 9. Nxd4 Bg4 10. Nf3 Qd7 11. Bf4 Ng6 12. e5 dxe5 13. Qxd7+ Nxd7 14. Bxe5
Bxf3 15. Bxf3 Ndxe5 16. Rfe1 O-O-O 17. Bg2 Rd2 18. Re2 Rhd8 19. Rxd2 Rxd2 20.
Rd1 Bxf2+ 21. Kf1 Rxd1+ 22. Nxd1 Bb6 23. Nc3 Nc4 24. b3 Ne3+ 25. Ke2 Nxg2 26.
Nd5 c6 27. Nxb6+ axb6 28. Kf2 N2f4 29. gxf4 Nxf4 30. Kf3 Nd5 31. a3 Kd7 32. Ke4
Ke6 33. c4 f5+ 34. Kd4 c5+ 35. Kd3 Nf4+ 36. Ke3 Ke5 37. b4 g5 38. bxc5 bxc5 39.
a4 b6 40. h4 gxh4 41. Kf2 Nd3+ 42. Kf3 Nb2 43. Ke2 Nd3 44. Kf3 h3 45. Kg3 f4+
46. Kxh3 f3 47. Kg3 f2 48. Kg2 Ke4 49. a5 bxa5 50. Kf1 Ke3 51. Kg2 Ke2 52. Kh2
f1=Q 53. Kg3 Qg1+ 54. Kh3 h5 55. Kh4 Qg4# 0-1

[Event "CYCC U10"]
[Site "Hamilton CAN"]
[Date "2022.07.10"]
[Round "6.12"]
[White "Yang, Nathan"]
[Black "Shaik, Muhammad Aman"]
[Result "0-1"]
[WhiteElo "1169"]
[BlackElo "892"]
[PlyCount "79"]
[EventDate "2022.07.08"]
[EventType "swiss"]
[EventRounds "7"]
[EventCountry "CAN"]

1. d4 e6 2. Bf4 f5 3. Nf3 d5 4. e3 Nf6 5. h3 Nc6 6. Nbd2 Be7 7. Bb5 Bd7 8. c3
Ne4 9. Bxc6 Bxc6 10. Nxe4 fxe4 11. Ne5 O-O 12. Nxc6 bxc6 13. Qa4 Qe8 14. Bxc7
Qg6 15. Bg3 c5 16. Qd7 Rf7 17. Qc6 Rd8 18. dxc5 Rdf8 19. Rf1 Qh5 20. Kd2 Bh4
21. Bxh4 Qxh4 22. Qxe6 Kh8 23. g3 Qg5 24. Kc2 Rxf2+ 25. Rxf2 Rxf2+ 26. Kb3 Qd8
27. Rb1 Qb8+ 28. Ka3 Rf6 29. Qxf6 gxf6 30. b4 Qxg3 31. c6 Qc7 32. b5 Qa5+ 33.
Kb2 Qxb5+ 34. Kc2 Qxc6 35. h4 Qc4 36. h5 Kg7 37. Rb7+ Kh6 38. Rxa7 Qd3+ 39. Kb3
Qxe3 40. Rf7 0-1